[Event "Mästar Elit"]
[Site "Göteborg"]
[Date "2004.07.20"]
[Round "10"]
[White "Åström, Göran"]
[Black "Johansson, Gunnar"]
[Result "1/2-1/2"]
[WhiteElo "2331"]
[BlackElo "2242"]
[Annotator ""]

1.e4 c5 2.Nf3 d6 3.d4 cxd4 4.Nxd4 Nf6 5.Nc3 Nc6 6.Bg5 e6 7.Qd2
a6 8.O-O-O h6 9.Nxc6 bxc6 10.Bf4 d5 11.Qe3 Be7 12.Be2 a5 13.exd5
cxd5 14.Qg3 Kf8 15.Bc7 Qe8 16.Be5 Ba6 17.Rhe1 h5 18.Bxa6 Rxa6
19.Qd3 Ra8 20.Kb1 Qc6 21.Qb5 1/2-1/2

[Event "Mästar Elit"]
[Site "Göteborg"]
[Date "2004.07.21"]
[Round "11"]
[White "Ask, Josef"]
[Black "Nygren, Kim"]
[Result "0-1"]
[WhiteElo "2183"]
[BlackElo "2249"]
[Annotator ""]

1.Nf3 Nf6 2.g3 b6 3.Bg2 Bb7 4.c4 g5 5.O-O g4 6.Ne1 Bxg2 7.Nxg2
h5 8.d4 e6 9.Nc3 Be7 10.e4 d6 11.Bf4 Nc6 12.Qa4 Qd7 13.e5 Nh7
14.Rfd1 Ng5 15.Bxg5 Bxg5 16.Ne4 Be7 17.Qb3 dxe5 18.dxe5 Nd4 19.Qe3
c5 20.b4 Rd8 21.Nh4 Qc7 22.Nf6+ Bxf6 23.exf6 Nc2 24.Qg5 Nxa1
25.Rxa1 Kd7 26.bxc5 Qxc5 27.Qg7 Qf8 28.Qg5 Kc8 29.Rc1 Qc5 30.Qg7
Rhf8 31.Ng2 Rd7 32.Ne3 Rfd8 33.Qh6 Qe5 34.Qh7 Qxf6 35.c5 Qg6
36.cxb6+ Kb7 37.Qxg6 fxg6 38.bxa7 Kxa7 39.Rc6 Rd6 40.Rc7+ Ka6
41.Rg7 e5 42.Re7 Rf6 43.Nc4 Rd4 44.Rc7 Rd1+ 45.Kg2 Rc1 46.Rc5
Rc2 47.Ra5+ Kb7 48.Rb5+ Kc7 49.Rc5+ Kd8 50.Rd5+ Ke7 51.Nd2 Rd6
52.Rxe5+ Kf6 0-1

[Event "Mästar Elit"]
[Site "Göteborg"]
[Date "2004.07.21"]
[Round "11"]
[White "Edlund, Robin"]
[Black "Åström, Göran"]
[Result "1-0"]
[WhiteElo "2237"]
[BlackElo "2331"]
[Annotator ""]

1.e4 c5 2.Nf3 e6 3.d4 cxd4 4.Nxd4 a6 5.Nc3 Qc7 6.g3 Nf6 7.Bg2
d6 8.O-O Nc6 9.Nb3 Be7 10.f4 Rb8 11.g4 O-O 12.g5 Nd7 13.Rf3 Re8
14.Rh3 g6 15.Be3 b5 16.a3 b4 17.axb4 Nxb4 18.Qd2 Bf8 19.Rf1 Nb6
20.Na5 Nd7 21.Nb3 Nb6 22.Na5 Nd7 23.Ra1 Nc5 24.Qf2 e5 25.f5 d5
26.Qh4 h6 27.gxh6 Kh7 28.fxg6+ fxg6 29.Rf3 dxe4 30.Nxe4 Nxe4
31.Qxe4 Qxc2 32.Rf7+ Kg8 33.h7+ Kh8 34.Rxf8+ Rxf8 35.Qxe5+ Kxh7
36.Bd4 1-0

[Event "Mästar Elit"]
[Site "Göteborg"]
[Date "2004.07.21"]
[Round "11"]
[White "Johansson, Gunnar"]
[Black "Tikkanen, Hans"]
[Result "0-1"]
[WhiteElo "2242"]
[BlackElo "2354"]
[Annotator ""]

1.e4 g6 2.d4 Bg7 3.Nc3 c6 4.Nf3 d5 5.h3 Nh6 6.Bd3 O-O 7.O-O f6
8.Ne2 Na6 9.a3 Nc7 10.c4 Nf7 11.Nc3 dxe4 12.Nxe4 f5 13.Neg5 Nxg5
14.Bxg5 Ne6 15.d5 Nxg5 16.Nxg5 e5 17.Ne6 Bxe6 18.dxe6 c5 19.f3
Qe7 20.Qe2 Qxe6 21.Rad1 Rad8 22.Bb1 Bh6 23.Rd5 Rxd5 24.cxd5 Qxd5
25.Rd1 Be3+ 26.Kh1 Bd4 27.Bd3 Kg7 28.Bc4 Qd8 29.b4 cxb4 30.axb4
Qg5 31.Bb3 Rc8 32.Qb5 Rc1 33.Qxb7+ Kh6 34.Qb5 Rxd1+ 35.Bxd1 Qd2
36.Qe2 Qxb4 37.g4 Qc3 38.gxf5 gxf5 39.Kg2 Qc1 40.Qa6+ Bb6 41.Qf1
Qg5+ 42.Kh1 Qg3 43.Be2 Kg5 44.Bd3 Kf4 45.Be2 Be3 46.Qg2 a5 0-1

[Event "Mästar Elit"]
[Site "Göteborg"]
[Date "2004.07.21"]
[Round "11"]
[White "Karlsson, Tomas"]
[Black "Rylander, Dennis"]
[Result "1-0"]
[WhiteElo "2252"]
[BlackElo "2325"]
[Annotator ""]

1.e4 e6 2.d4 d5 3.Nc3 Bb4 4.e5 c5 5.a3 Bxc3+ 6.bxc3 Ne7 7.Qg4
O-O 8.Bd3 Nbc6 9.Qh5 Ng6 10.Nf3 Qc7 11.Be3 Nce7 12.h4 Bd7 13.Qg5
f6 14.exf6 gxf6 15.Qh6 Rf7 16.h5 Nf8 17.Qf4 Qxf4 18.Bxf4 Ba4
19.Kd2 Nc6 20.Rae1 Re8 21.Rh4 c4 22.Rg4+ Kh8 23.Be2 e5 24.dxe5
fxe5 25.Bg3 Nd7 26.Bd1 Nf6 27.Rh4 Rfe7 28.Kc1 a5 29.Rh3 Ne4 30.Bh4
Rd7 31.Rxe4 dxe4 32.Nd2 Rf8 33.Nxe4 Rdf7 34.Bf3 Na7 35.Bg3 Re7
36.Bh4 Ref7 37.Nd6 Rd7 38.Nxc4 Rc7 39.Nb6 Rxc3 40.Nxa4 Rxa3 41.Nc5
Nb5 42.Nd7 Rf5 43.Rg3 1-0

[Event "Mästar Elit"]
[Site "Göteborg"]
[Date "2004.07.21"]
[Round "11"]
[White "Malmstig, Erik"]
[Black "Kinnmark, Ove"]
[Result "1/2-1/2"]
[WhiteElo "2250"]
[BlackElo "2340"]
[Annotator ""]

1.d4 Nf6 2.Bg5 Ne4 3.Bf4 d5 4.f3 Nd6 5.Nc3 c6 6.e4 e6 7.Qd2 b5
8.b3 Be7 9.Bd3 f5 10.exd5 exd5 11.Nh3 O-O 12.O-O Nf7 13.Rfe1
Bf6 14.Ne2 g6 15.Kh1 Nd7 16.a4 bxa4 17.Rxa4 Nb6 18.Ra5 Re8 19.Rea1
Qe7 20.Bg3 g5 21.Be1 f4 22.Nf2 Nh6 23.Ng1 Bxd4 24.c3 Bf6 25.Qc2
Kh8 26.Bd2 Be6 27.Re1 Qd7 28.Ne2 Bf5 29.Nd4 Rxe1+ 30.Bxe1 Bxd3
31.Nxd3 Re8 32.Bf2 Nc8 33.Nc5 Qd6 34.b4 g4 35.fxg4 Nxg4 36.h3
Ne3 37.Qd3 Bxd4 38.Qxd4+ Qe5 39.Qd3 Qg5 40.Qd4+ Kg8 41.Bxe3 fxe3
42.Ne4 Qf5 43.Nf6+ Kf8 44.Nxe8 Qf1+ 45.Kh2 e2 46.Qh8+ Ke7 47.Qe5+
Kf8 48.Qh8+ Ke7 49.Qe5+ Kf8 50.Ra1 Qxa1 51.Qxe2 Qxc3 52.Nc7 Ne7
53.Ne6+ Kg8 54.Ng5 Qf6 55.Qg4 Qg6 56.Qf4 h6 57.Qb8+ Kg7 58.Qe5+
Qf6 59.Ne6+ Kf7 60.Nd8+ Kg7 61.Ne6+ Kf7 62.Nd8+ Kg6 63.Qg3+ Kh7
64.Qc7 Kg6 65.Qg3+ Kh7 66.Qc7 Kg6 67.Qg3+ Kh7 1/2-1/2

[Event "Mästar Elit"]
[Site "Göteborg"]
[Date "2004.07.21"]
[Round "11"]
[White "Palmblad, Jan Peter"]
[Black "Eriksson, Anders"]
[Result "1/2-1/2"]
[WhiteElo "2160"]
[BlackElo "2317"]
[Annotator ""]

1.e4 c6 2.d4 d5 3.exd5 cxd5 4.Bd3 Nc6 5.c3 Nf6 6.Bf4 Bg4 7.Qb3
Qd7 8.Nd2 e6 9.Ngf3 Bd6 10.Bxd6 Qxd6 11.O-O Qc7 12.Rae1 O-O 13.Ne5
Bh5 14.f4 Bg6 15.Nxg6 hxg6 16.g3 Rab8 17.Nf3 b5 18.a3 Na5 19.Qd1
Nc4 20.Qe2 a5 21.Ne5 Nd6 22.g4 Rfe8 23.Rf3 Kf8 24.f5 gxf5 25.gxf5
b4 26.axb4 axb4 27.fxe6 Rxe6 28.Qf2 bxc3 29.bxc3 Nfe4 30.Bxe4
dxe4 31.Rh3 Rb3 32.Rh8+ Ke7 33.Qh4+ Rf6 34.c4 1/2-1/2

[Event "Mästar Elit"]
[Site "Göteborg"]
[Date "2004.07.22"]
[Round "12"]
[White "Ask, Josef"]
[Black "Johansson, Gunnar"]
[Result "1-0"]
[WhiteElo "2183"]
[BlackElo "2242"]
[Annotator ""]

1.c4 e6 2.d4 d5 3.Nc3 c6 4.e3 Nf6 5.Nf3 Nbd7 6.Bd3 dxc4 7.Bxc4
b5 8.Bd3 a6 9.e4 c5 10.d5 c4 11.dxe6 fxe6 12.Bc2 Qc7 13.O-O Bc5
14.Qe2 Ne5 15.Nxe5 Qxe5 16.Kh1 Bb7 17.f4 Qh5 18.Qxh5+ Nxh5 19.e5
g6 20.Ne4 Be7 21.Be3 O-O 22.Kg1 Rad8 23.g4 Ng7 24.a3 Rd5 25.Rf2
Ne8 26.Raf1 Nc7 27.Nd6 Rxd6 28.exd6 Bxd6 29.f5 gxf5 30.gxf5 Nd5
31.Bh6 Bc5 32.Bxf8 Kxf8 33.Rd1 Ke7 34.Be4 Ne3 35.f6+ Ke8 36.f7+
Kf8 37.Rd8+ Kg7 38.Rg8+ Kh6 39.Bxb7 Nd1 40.f8Q+ 1-0

[Event "Mästar Elit"]
[Site "Göteborg"]
[Date "2004.07.22"]
[Round "12"]
[White "Hultin, Johan"]
[Black "Malmstig, Erik"]
[Result "0-1"]
[WhiteElo "2295"]
[BlackElo "2250"]
[Annotator ""]

1.Nf3 d6 2.d4 Bg4 3.c4 Nd7 4.Nc3 e5 5.g3 c6 6.Bg2 Be7 7.h3 Bh5
8.O-O h6 9.b4 f5 10.b5 e4 11.Ne1 Ngf6 12.bxc6 bxc6 13.f3 d5 14.fxe4
fxe4 15.c5 Qa5 16.Qd2 Bd8 17.Nc2 Bg6 18.Qe1 Rb8 19.Bd2 Qa6 20.g4
O-O 21.Ne3 Bc7 22.h4 Nxc5 23.dxc5 d4 24.Nf5 Bxf5 25.gxf5 dxc3
26.Bxc3 Qc4 27.e3 Qxc5 28.Rd1 Nd5 29.Rxd5 cxd5 30.Bh3 Rb1 31.Qd2
Rxf1+ 32.Kxf1 Rb8 33.f6 Rb1+ 0-1

[Event "Mästar Elit"]
[Site "Göteborg"]
[Date "2004.07.22"]
[Round "12"]
[White "Nygren, Kim"]
[Black "Eriksson, Anders"]
[Result "0-1"]
[WhiteElo "2249"]
[BlackElo "2317"]
[Annotator ""]

1.e4 c5 2.Nf3 e6 3.b3 Nc6 4.Bb2 a6 5.Qe2 d6 6.Nc3 Be7 7.O-O-O
Bf6 8.g4 Nd4 9.Qe3 Nxf3 10.Qxf3 Bd7 11.e5 Bxe5 12.Qxb7 Ne7 13.Bxa6
Nc6 14.Nb5 O-O 15.d4 cxd4 16.Bxd4 Na5 17.Qc7 Rxa6 18.Bxe5 Bxb5
19.Bxd6 Qxc7 20.Bxc7 Be2 21.Rd6 Rxd6 22.Bxd6 Ra8 23.Re1 Bxg4
24.Re4 Nb7 25.Rxg4 Nxd6 26.a4 f5 27.Rd4 Ne4 28.f3 Ng5 29.Rd3
Kf7 30.c4 e5 31.c5 e4 32.Rd5 exf3 33.h4 Ne4 34.Rxf5+ Ke6 35.Rxf3
Nxc5 36.Rg3 Ra7 37.Kb2 Ne4 38.Rg1 Kf5 39.Ka3 h5 40.b4 g5 41.hxg5
h4 42.g6 Rg7 43.b5 Rxg6 44.Rf1+ Ke5 45.a5 Nd6 46.Rh1 Rg4 47.b6
Nc4+ 48.Kb4 Nxb6+ 49.Kb5 Nd5 50.Kc5 Nb4 51.Re1+ Kf5 52.Rh1 Kg5
53.Kb5 Rd4 54.Kc5 Re4 55.Rg1+ Kh5 56.Rh1 Kg4 57.Rg1+ Kf3 58.Rg8
h3 59.Rh8 Kg3 60.Rg8+ Rg4 0-1

[Event "Mästar Elit"]
[Site "Göteborg"]
[Date "2004.07.22"]
[Round "12"]
[White "Rylander, Dennis"]
[Black "Palmblad, Jan Peter"]
[Result "1-0"]
[WhiteElo "2325"]
[BlackElo "2160"]
[Annotator ""]

1.d4 d5 2.c4 e6 3.Nc3 c5 4.cxd5 exd5 5.Nf3 Nc6 6.g3 Nf6 7.Bg2
Be7 8.O-O O-O 9.Bg5 cxd4 10.Nxd4 h6 11.Be3 Re8 12.Rc1 Bf8 13.Nxc6
bxc6 14.Na4 Ng4 15.Bd4 Ba6 16.Bf3 Qd7 17.Re1 Ne5 18.Bg2 Bb4 19.Nc5
Qc8 20.Rf1 Bxc5 21.Rxc5 Qe6 22.Qc2 Qg4 23.Bxe5 Rxe5 24.Bf3 Qd7
25.Rc1 Rae8 26.e3 Bb7 27.Qd3 Qh3 28.Ra5 a6 29.Ra4 Qe6 30.Rb4
Qe7 31.Qb3 Ba8 32.Qc3 Rd8 33.Qd4 Rc8 34.Rc5 g6 35.Kg2 Kh7 36.Rb3
Rd8 37.Ra5 Bb7 38.Rxb7 1-0

[Event "Mästar Elit"]
[Site "Göteborg"]
[Date "2004.07.22"]
[Round "12"]
[White "Tikkanen, Hans"]
[Black "Edlund, Robin"]
[Result "1/2-1/2"]
[WhiteElo "2354"]
[BlackElo "2237"]
[Annotator ""]

1.d4 f5 2.g3 Nf6 3.Bg2 g6 4.c3 d6 5.Qb3 Nc6 6.Nd2 e5 7.dxe5 Nxe5
8.Ngf3 Nf7 9.O-O Bg7 10.e4 fxe4 11.Nxe4 Nxe4 12.Qa4+ c6 13.Qxe4+
Qe7 14.Qxe7+ Kxe7 15.Re1+ Kf8 1/2-1/2

[Event "Mästar Elit"]
[Site "Göteborg"]
[Date "2004.07.23"]
[Round "13"]
[White "Edlund, Robin"]
[Black "Ask, Josef"]
[Result "0-1"]
[WhiteElo "2237"]
[BlackElo "2183"]
[Annotator ""]

1.e4 e5 2.f4 d5 3.exd5 c6 4.Qe2 cxd5 5.fxe5 Nc6 6.Nf3 Bg4 7.c3
d4 8.Qe4 Bxf3 9.gxf3 Qb6 10.Bh3 Be7 11.d3 Rd8 12.Nd2 dxc3 13.bxc3
Qa5 14.Bb2 Qxe5 15.d4 Qb5 16.O-O-O Nf6 17.Qc2 Qh5 18.Bg4 Qh6
19.Kb1 O-O 20.Ne4 Nd5 21.Bc1 Qh4 22.Ng3 g6 23.Rhg1 b5 24.Ka1
b4 25.c4 Nc3 26.d5 Nxd1 27.Rxd1 Bf6+ 28.Kb1 b3 29.axb3 Nd4 30.Qf2
Nxb3 31.Be3 Rb8 32.Bxa7 Rb7 33.Ne4 Nd4+ 34.Kc1 Qxf2 35.Nxf2 Rxa7 0-1

[Event "Mästar Elit"]
[Site "Göteborg"]
[Date "2004.07.23"]
[Round "13"]
[White "Eriksson, Anders"]
[Black "Rylander, Dennis"]
[Result "1-0"]
[WhiteElo "2317"]
[BlackElo "2325"]
[Annotator ""]

1.c4 c6 2.Nf3 Nf6 3.b3 d5 4.Bb2 Bg4 5.e3 Nbd7 6.h3 Bh5 7.d3 e5
8.g4 Bb4+ 9.Nbd2 dxc4 10.dxc4 Bg6 11.a3 Ba5 12.b4 Bc7 13.Nh4
Qe7 14.Nxg6 hxg6 15.Bg2 a5 16.Bc3 Nh7 17.b5 cxb5 18.Bxb7 Rd8
19.cxb5 O-O 20.Bg2 Nc5 21.O-O Ng5 22.Qc2 f5 23.gxf5 Rxf5 24.f3
Rd3 25.Rae1 Qd7 26.Nb3 Bb6 27.Bxa5 Nxb3 28.Bxb6 Nd2 29.Qc6 Qf7
30.Bc7 Nxf1 31.Rxf1 Rd2 32.Rf2 Rd1+ 33.Kh2 e4 34.f4 Nf3+ 35.Bxf3
exf3 36.b6 Rf6 37.Qa8+ Kh7 38.b7 Qd7 39.b8Q Rh1+ 40.Kxh1 1-0

[Event "Mästar Elit"]
[Site "Göteborg"]
[Date "2004.07.23"]
[Round "13"]
[White "Karlsson, Tomas"]
[Black "Hultin, Johan"]
[Result "1-0"]
[WhiteElo "2252"]
[BlackElo "2295"]
[Annotator ""]

1.e4 c5 2.Nc3 Nc6 3.f4 g6 4.Nf3 Bg7 5.Bc4 e6 6.f5 Nge7 7.fxe6
fxe6 8.d3 d5 9.Bb3 b5 10.O-O c4 11.dxc4 dxc4 12.Qxd8+ Nxd8 13.Nxb5
cxb3 14.Nc7+ Kd7 15.Nxa8 Bb7 16.axb3 Nec6 17.c3 Bxa8 18.b4 Rf8
19.b5 1-0

[Event "Mästar Elit"]
[Site "Göteborg"]
[Date "2004.07.23"]
[Round "13"]
[White "Malmstig, Erik"]
[Black "Åström, Göran"]
[Result "1/2-1/2"]
[WhiteElo "2250"]
[BlackElo "2331"]
[Annotator ""]

1.d4 Nf6 2.c4 e6 3.Nc3 Bb4 4.e3 c5 5.Bd3 Nc6 6.Nge2 cxd4 7.exd4
d5 8.cxd5 Nxd5 9.O-O O-O 10.a3 Bd6 11.Ne4 Be7 12.Bc2 Qc7 13.Bg5
Rd8 14.Qd3 f5 15.Bxe7 fxe4 16.Qxe4 Ncxe7 17.Qxh7+ Kf8 18.Rac1
Nf6 19.Qh4 Qa5 20.Nf4 Kf7 21.b4 Qb6 22.Nd3 Rxd4 23.Ne5+ Kg8 24.Qh3
Bd7 25.Bb3 Ned5 26.Ng6 Kf7 27.Ne5+ Kg8 28.Ng6 Nh7 29.Bxd5 exd5
30.Ne7+ Kf7 31.Qxd7 Nf6 32.Qc7 Rc4 33.Rxc4 dxc4 34.Qe5 Re8 35.Re1
c3 36.g4 Qxf2+ 37.Kxf2 Nxg4+ 38.Kf3 Nxe5+ 39.Rxe5 Rxe7 40.Rc5
Kf6 41.Rxc3 Rd7 1/2-1/2